1583 1482 1792 1273 1047 1898 1740 1547 1927 1602 1361 1475 1453 1722 1947 1009 1027 1732 1158 1869 1216 1841 1891 1728 1304 1143 1244 1054 1621 1115 1090 1096 1617 1937 1834 1982 1572 1006 1209 1279 1064 1178 1041 1006 1009 1229 1246 1216 1154 1640 1959 1038 1443 1994 1780 1165 1696 1153 1577 1398 1280 1685 1954 1391 1054 1096 1651 1545 1179 1746 1811 1804 1255 1243 1115 1418 1269 1923 1004 1331 1343 1072 1562 1088 1155 1700 1747 1473 1460 1835 1357 1971 1355 1849 1206 1418 1607 1544 1108 BCNSPRNW ULIB Ver.6.0+V

เปลี่ยนเป็นภาษาไทย

Change to English
 แสดงรายละเอียดบรรณานุกรม
  กลับหน้าหลัก

Brief Record : Get Marc (ISO 2709) : E-mail record : QR code < ปิดหน้าต่าง
LEADER : 00000nam 2200000uu 4500
001    13399113333
003     ULIB
008    111104s2553||||th 000 0 tha d
020    9786167287157
060 04 QW805^bช576ค 2553
245 00 คู่มือวัคซีน 2010 และประเด็นในการสื่อสาร /^c[บรรณาธิการ,ชิษณุ พันธุ์เจริญ ... และคนอื่น ๆ]
246 0  คู่มือvaccine2010
260    กรุงเทพฯ :^bศูนย์อบรมทักษะการสื่อสาร,^c2553
300    186 หน้า :^bภาพประกอบ ;^c19 ซม.
650  7 การฉีดวัคซีน
650  7 วัคซีน^vคู่มือ
700 0  ชิษณุ พันธุ์เจริญ,^eบรรณาธิการ
710 2  ศูนย์อบรมทักษะการสื่อสาร
945    ^p120^l0^i16757
945    ^p120^l0^i16756
945    ^p120^l0^i16924
945    ^p120^l0^i16758
995    กัณชพร
999    ^aใช้งานได้ทุกระบบ
รายการนี้ยังไม่มีแท็ก
คุณยังไม่ได้ล็อกอิน คุณสามารถมีกิจกรรมร่วมกับเว็บไซต์ได้ แต่ต้องล็อกอินก่อน ::
  ล็อกอิน

รายการสื่อสารสนเทศ

ลำดับที่ ประเภท เลขเรียก/บาร์โค้ด สถานที่ สถานะ
1. วิทยาศาสตร์การแพทย์ และสุขภาพ
วิทยาศาสตร์การแพทย์ และสุขภาพ
สถานะ=หนังสือเก่า
QW805 ช576ค 2553 ฉ.2 
  Barcode: 16756
ห้องสมุดวิทยาเขตนครสวรรค์
►ส่วนจัดเก็บหนังสือเก่า นว.
บนชั้น
  ขอยืม
2. วิทยาศาสตร์การแพทย์ และสุขภาพ
วิทยาศาสตร์การแพทย์ และสุขภาพ
สถานะ=หนังสือเก่า
QW805 ช576ค 2553 ฉ.3 
  Barcode: 16924
ห้องสมุดวิทยาเขตนครสวรรค์
►ส่วนจัดเก็บหนังสือเก่า นว.
บนชั้น
  ขอยืม
3. วิทยาศาสตร์การแพทย์ และสุขภาพ
วิทยาศาสตร์การแพทย์ และสุขภาพ
สถานะ=หนังสือเก่า
QW805 ช576ค 2553 ฉ.4 
  Barcode: 16758
ห้องสมุดวิทยาเขตนครสวรรค์
►ส่วนจัดเก็บหนังสือเก่า นว.
บนชั้น
  ขอยืม

รายการใกล้เคียง
    หัวเรื่อง [การฉีดวัคซีน]

BibComment


ยังไม่เคยถูกคอมเมนท์

คอมเมนท์ทรัพยากรรายการนี้
  คอมเมนท์: คู่มือวัคซีน 2010..


 Copyright 2026. Bcnsprnw @Library